| 000 | 01721ncm0a2200349 4500 | ||
|---|---|---|---|
| 001 | RU\NLR\ONIZ\224716 | ||
| 005 | 20250626145817.0 | ||
| 010 | _a5-7140-0289-X | ||
| 035 | _aRU\NLR\ONIZ\GALA\5000033907\20181218141923 | ||
| 035 | _a(NLR Aleph) 011903778 | ||
| 071 | 2 | 0 | _a2734 |
| 090 |
_a10897471 _c10897471 |
||
| 100 | _a20140623d2004 |||y0rusy50 ca | ||
| 101 | 0 | _arus | |
| 102 | _aRU | ||
| 125 | _axx | ||
| 200 | 1 |
_aЧтение с листа на уроках сольфеджио _bНоты _fГ. Фридкин |
|
| 210 |
_cМузыка _aМосква _d2004 |
||
| 215 |
_a128 с. _d29 см |
||
| 313 | _aСистематизация документа проведена по изданию - Методика классифицирования музыкальных произведений (нотных изданий) по таблицам Библиотечно-библиографических классификаций : метод. рекомендации / Гос. б-ка СССР им. В.И. Ленина.- М., 1977. Индексу ББК методических рекомендаций присваивается код ББК для научных библиотек - LBC/SL | ||
| 606 | 1 |
_aСольфеджио _yРоссия _z20-21 век _jНоты _2nlr_sh |
|
| 686 |
_aЩ907.11(2Р=Рус) _vLBC/SL _2rubbk |
||
| 700 | 1 |
_9z02790 _aФридкин _bГ. А. _gГригорий Абрамович _4070 |
|
| 790 | 1 |
_9z02700 _aFridkin _bG. A. _gGrirorij Abramovich _4070 |
|
| 801 | 0 |
_aRU _bNLR _c20140623 _gPSBO |
|
| 801 | 1 |
_aRU _bNLR _c20140623 _2rusmarc |
|
| 801 | 2 |
_aRU _bNLR _c20181226 |
|
| 852 |
_aNLR _bМ _j3/11956 _p267880 _t1 |
||
| 942 | _cSCORE | ||
| 980 | _aNB | ||
| 980 | _aONIZ | ||